Best Batsmen in T20 cricket - Statistics

General Stats
  • This quiz has been taken 3 times
  • The average score is 3 of 10
Answer Stats
Hint Answer % Correct
4 Babar Azam
100%
10 Dawid Malan
50%
8 Jos Buttler
50%
3 Mohammad Rizwan
50%
1 Suryakumar Yadav
50%
5 Aiden Markram
0%
2 Phil Salt
0%
9 Reeza Hendricks
0%
7 Rilee Roosouw
0%
6 Yashashvi Jaiswal
0%
No matching quizzes found
Score Distribution
Percent of People with Each Score
Percentile by Number Answered
Your Score History
You have not taken this quiz